Κατάλογος Βιβλιοθηκών Mediterranean College

Auditing Principles / A Systems Based Approach: Fifth Edition (Record no. 1803)

MARC details
000 -LEADER
fixed length control field 02182cam a22002054a 4500
005 - ΗΜΕΡΟΜΗΝΙΑ ΚΑΙ ΩΡΑ ΤΕΛΕΥΤΑΙΑΣ ΕΝΗΜΕΡΩΣΗΣ
Πεδίο ελέγχου 20250605164019.0
008 - FIXED-LENGTH DATA ELEMENTS--GENERAL INFORMATION
Πεδίο ελέγχου σταθερού μήκους 250528s ||||||||||||||||||||||||d
035 ## - SYSTEM CONTROL NUMBER
System control number 16286
020 ## - ISBN
ISBN 130517224
040 ## - ΠΗΓΗ ΚΑΤΑΛΟΓΟΓΡΑΦΗΣΗΣ
Φορέας πρωτότυπης καταλογογράφησης MC Athens Campus Library
Γλώσσα καταλογογράφησης Ελληνικά, Μοντέρνα (1453-)
Modifying agency MC Athens Campus Library
Κανόνες περιγραφικής καταλογογράφησης AACR2
245 1# - ΤΙΤΛΟΣ ΚΑΙ ΔΗΛΩΣΗ ΥΠΕΥΘΥΝΟΤΗΤΑΣ
Τίτλος Auditing Principles / A Systems Based Approach: Fifth Edition
260 ## - PUBLICATION, DISTRIBUTION, ETC.
Name of publisher, distributor, etc. Prentice Hall Inc,
Date of publication, distribution, etc. 1982
300 ## - PHYSICAL DESCRIPTION
Extent 686
505 0# - FORMATTED CONTENTS NOTE
Formatted contents note Preface, About Audits and Auditors, The Auditng Profession and Its Code of Professional Ethics and Other Self-Regulation, Auditors' Legal Responsibilities and Other Externally Imposed Requirements, Intraorganizational Auditing, Elements of the Audit Process, The System Based Audit, Sample Selection and Evaluation - Judgmental/ Statistical, Audits of Automated Data Processing Systems, Revenues and Receivables, Purchases and Expenses and Accounts Payable, Cost of Sales and Inventories, Cash: Receipts and Disbursements and Balances, Payroll Cost and Liabilities, Depreciation and Plant Assets, Miscellaneous Expenses and Losses and Revenues and Assets and Liabilities, Long-Term Debt and Owners' Equity, Capping the Audit Field Work, Audit Reporting Standards, Tax and Management Advisory and Other Public Accounting Services, Index.
520 ## - SUMMARY, ETC.
Summary, etc. Preface, About Audits and Auditors, The Auditng Profession and Its Code of Professional Ethics and Other Self-Regulation, Auditors' Legal Responsibilities and Other Externally Imposed Requirements, Intraorganizational Auditing, Elements of the Audit Process, The System Based Audit, Sample Selection and Evaluation - Judgmental/ Statistical, Audits of Automated Data Processing Systems, Revenues and Receivables, Purchases and Expenses and Accounts Payable, Cost of Sales and Inventories, Cash: Receipts and Disbursements and Balances, Payroll Cost and Liabilities, Depreciation and Plant Assets, Miscellaneous Expenses and Losses and Revenues and Assets and Liabilities, Long-Term Debt and Owners' Equity, Capping the Audit Field Work, Audit Reporting Standards, Tax and Management Advisory and Other Public Accounting Services, Index.
700 1# - ΠΡΟΣΘΕΤΗ ΑΝΑΓΡΑΦΗ--ΦΥΣΙΚΟ ΠΡΟΣΩΠΟ
Personal name Stettler Howard F
9 (RLIN) 2368
942 ## - ADDED ENTRY ELEMENTS (KOHA)
Koha item type Books
Holdings
Τύπος τεκμηρίου Βιβλιοθήκη Τρέχουσα τοποθεσία Barcode Αριθμός εισαγωγής Ημερομηνία απόκτησης Ταξιθετικό σύμβολο Αριθμός αντιτύπου Κατάσταση απόσυρσης Κατάσταση χαμένου Κατάσταση κατεστραμμένου Μη δανεισμός Σύνολο δανεισμών Ημερομηνία τελευταίας εμφάνισης Η τιμή ισχύει από
Books MC Athens Campus Library MC Athens Campus Library 9780000018021 3375 05/06/2025 657/.45 STE 1           05/06/2025 05/06/2025

MC Athens Campus Library
Πατησίων 94 & Κοδριγκτώνος 13, 104 34
Πελλήνης 8 & Πατησίων 107, 112 51
Τ: +30 210 8899600

MC Thessaloniki Campus Library
Ίωνος Δραγούμη 21, 54625 | Ίωνος Δραγούμη 15, 54625
Τ: +30 2310 287779 – Τ: +30 2314 440300